| 000 | 01011nam a22002657a 4500 | ||
|---|---|---|---|
| 001 | BRCA_9382 | ||
| 003 | FranzMayer | ||
| 005 | 20230918124119.0 | ||
| 008 | 230901b |||||||| |||| 00| 0 eng d | ||
| 020 | _a9708020001 | ||
| 040 |
_aMFM _bespañol _cMFM |
||
| 050 | 0 |
_aNK1452.M6 _bM73 2006 |
|
| 100 | 1 |
_4Autora _aMaseda, Pilar _929449 |
|
| 240 |
_aLos inicios de la profesión del diseño en México _hGenealogía de sus incidentes _lEspañol |
||
| 245 | 0 |
_aLos inicios de la profesión del diseño en México _bGenealogía de sus incidentes |
|
| 260 |
_aMéxico _bConaculta _c2006 |
||
| 300 |
_a175 p _c25 cm |
||
| 500 | _aAnexo 1 | ||
| 505 | _aTexto en: españolIncluye índice temáticoIncluye bibliografíaIncluye cronologíaIncluye anexos | ||
| 650 | 1 |
_2Diseño _aHistoria del diseño _vEscuelas del diseño _929450 |
|
| 651 | 2 |
_2Diseño como profesión _aMéxico _929451 |
|
| 710 | 1 |
_4Colaborador _aCENIDIAP _929452 |
|
| 710 | 1 |
_4Colaborador _aTecnologico de Monterrey _929453 |
|
| 942 |
_2lcc _cB |
||
| 999 |
_c11004 _d11004 |
||